[Event "PAR-ch sf"]
[Site "Asuncion"]
[Date "2023.10.28"]
[Round "3"]
[White "Allo Collante, Enrique"]
[Black "Franco Franchi, Renato"]
[Result "1-0"]
[WhiteElo "1935"]
[BlackElo "1665"]
[PlyCount "37"]
[EventDate "2023.10.27"]
[EventType "swiss"]
[EventRounds "9"]
[EventCountry "PAR"]
[SourceTitle "CB48_2023"]
[SourceDate "2023.11.29"]
[SourceVersion "1"]
[SourceVersionDate "2023.11.29"]
[SourceQuality "1"]

1. Nf3 g6 2. g3 d6 3. Bg2 Bg7 4. 0-0 Nc6 5. c4 e5 6. Nc3 Nge7 7. d3 h6 8. Ne1 0-0 9. f4 Nf5 10. e4 Nfd4 11. f5 gxf5 12. Qh5 Kh7 13. exf5 Bxf5 14. Rxf5 Nxf5 15. Qxf5+ Kg8 16. Be4 Re8 17. Qh7+ Kf8 18. Bxh6 Qf6 19. Qh8+ 1-0

[Event "Asuncion CIT op"]
[Site "Asuncion"]
[Date "2023.08.18"]
[Round "9"]
[White "Allo Collante, Enrique"]
[Black "Amarilla Ettiene, Ezequiel"]
[Result "1-0"]
[WhiteElo "1906"]
[BlackElo "1754"]
[PlyCount "113"]
[EventDate "2023.08.12"]
[EventType "swiss"]
[EventRounds "9"]
[EventCountry "PAR"]
[SourceTitle "CBM 215 Extra"]
[Source "ChessBase"]
[SourceDate "2023.09.30"]
[SourceVersion "1"]
[SourceVersionDate "2023.09.30"]
[SourceQuality "1"]

1. c4 Nf6 2. g3 g6 3. Bg2 Bg7 4. Nc3 0-0 5. e4 d6 6. Nge2 c6 7. 0-0 e5 8. d3 Na6 9. h3 Nc7 10. a4 d5 11. exd5 cxd5 12. f4 dxc4 13. dxc4 e4 14. Kh2 Qd3 15. Nxe4 Qxc4 16. Nd6 Qa6 17. Nxc8 Raxc8 18. Nc3 Rfd8 19. Qb3 Ncd5 20. Bd2 Qb6 21. Qxb6 Nxb6 22. Rad1 Nfd5 23. a5 Nxc3 24. Bxc3 Na4 25. Bxb7 Nxc3 26. bxc3 Rxd1 27. Rxd1 Rb8 28. Rd7 Bxc3 29. Bd5 Rb2+ 30. Kh1 Bxa5 31. Rxf7 Rd2 32. Be6 Rd1+ 33. Kg2 Kh8 34. Rxa7 Rg1+ 35. Kf3 Be1 36. g4 h6 37. Ke4 Rg3 38. Ke5 Bc3+ 39. Kd6 Bb4+ 40. Ke5 Bc3+ 41. Kd6 Bb4+ 42. Kd7 Kg7 43. h4 Rd3+ 44. Bd5 Re3 45. Kd8+ Kh8 46. f5 gxf5 47. gxf5 Be1 48. Be6 Bxh4+ 49. Ke8 Rg3 50. Bf7 Rd3 51. Bg6 Rd8+ 52. Kf7 Bf2 53. Rb7 Bg3 54. f6 Rb8 55. Rd7 Bh4 56. Bf5 Rg8 57. Bg6 1-0

[Event "Asuncion CIT op"]
[Site "Asuncion"]
[Date "2023.08.15"]
[Round "6"]
[White "Allo Collante, Enrique"]
[Black "Latorre Lopez Moreira, Luis Matias"]
[Result "0-1"]
[WhiteElo "1906"]
[BlackElo "2322"]
[PlyCount "108"]
[EventDate "2023.08.12"]
[EventType "swiss"]
[EventRounds "9"]
[EventCountry "PAR"]
[SourceTitle "CBM 215 Extra"]
[Source "ChessBase"]
[SourceDate "2023.09.30"]
[SourceVersion "1"]
[SourceVersionDate "2023.09.30"]
[SourceQuality "1"]

1. Nf3 d5 2. c4 d4 3. g3 Nc6 4. d3 e5 5. Bg2 Bb4+ 6. Nbd2 a5 7. 0-0 Nf6 8. Rb1 Be7 9. Qa4 0-0 10. Qb5 Nd7 11. a3 a4 12. b4 Nxb4 13. c5 Nc6 14. Nc4 f6 15. Nd6 Nxc5 16. Nxc8 Qxc8 17. Nd2 Nd8 18. Qc4+ Kh8 19. e3 dxe3 20. fxe3 Nd7 21. Bh3 Nf7 22. Qb5 Rd8 23. Qxb7 Qxb7 24. Rxb7 Bc5 25. Nc4 Ra7 26. Rb5 c6 27. Rb1 Nf8 28. Rd1 Ng6 29. Kh1 Ne7 30. d4 Ng5 31. Bg4 Ne4 32. Rf1 exd4 33. exd4 Bxd4 34. Be3 Bxe3 35. Nxe3 g6 36. Rb4 f5 37. Be2 Rd2 38. Bc4 Nd5 39. Nxd5 cxd5 40. Bb5 Nf2+ 41. Kg1 Nh3+ 42. Kh1 Rc7 43. Bxa4 Ng5 44. Rbf4 Rc3 45. R4f2 Rd4 46. Rf4 Ne4 47. Bb5 Rc2 48. a4 Rdd2 49. Rh4 Kg7 50. a5 Rc5 51. Bd7 Rxa5 52. Kg1 Raa2 53. Be6 Ng5 54. Bd7 Ra3 0-1

[Event "PAR-ch U20"]
[Site "Asuncion"]
[Date "2023.06.04"]
[Round "5"]
[White "Oviedo Acosta, Paula"]
[Black "Allo Collante, Enrique"]
[Result "0-1"]
[WhiteElo "1941"]
[BlackElo "1879"]
[PlyCount "76"]
[EventDate "2023.06.02"]
[EventType "swiss"]
[EventRounds "7"]
[EventCountry "PAR"]
[SourceTitle "CBM 214 Extra"]
[Source "ChessBase"]
[SourceDate "2023.07.31"]
[SourceVersion "1"]
[SourceVersionDate "2023.07.31"]
[SourceQuality "1"]

1. e4 c5 2. Nf3 e6 3. d4 cxd4 4. Nxd4 Nc6 5. Nxc6 bxc6 6. Nc3 d5 7. Bd3 Nf6 8. Qf3 a5 9. 0-0 Ba6 10. Rd1 Bxd3 11. Rxd3 Be7 12. Qg3 0-0 13. Bh6 Ne8 14. e5 Bh4 15. Qg4 f5 16. Qh5 gxh6 17. Qxh6 Rf7 18. Rh3 Bg5 19. Rg3 Rg7 20. Qxe6+ Kh8 21. Qxc6 d4 22. Nd5 Rc8 23. Qe6 Nc7 24. Nxc7 Rgxc7 25. h4 Bxh4 26. Rh3 Rxc2 27. g3 Qe7 28. Qxf5 Bg5 29. Rh5 h6 30. Qe4 Qf7 31. Rh2 Qc4 32. Rg2 d3 33. Qxc4 R8xc4 34. f4 Rc1+ 35. Rxc1 Rxc1+ 36. Kh2 Rc2 37. e6 Be7 38. f5 Rxg2+ 0-1

[Event "Online Olym Div Top-C"]
[Site "Chess.com INT"]
[Date "2021.09.10"]
[Round "6.2"]
[White "Allo Collante, Enrique"]
[Black "Keymer, Vincent"]
[Result "0-1"]
[WhiteElo "1837"]
[BlackElo "2607"]
[PlyCount "48"]
[EventDate "2021.09.09"]
[EventType "team (rapid)"]
[EventRounds "9"]
[EventCountry "USA"]
[SourceTitle "CBM 204 Extra"]
[Source "ChessBase"]
[SourceDate "2021.11.30"]
[SourceVersion "1"]
[SourceVersionDate "2021.11.30"]
[SourceQuality "1"]
[WhiteTeam "Paraguay"]
[BlackTeam "Germany"]
[WhiteTeamCountry "PAR"]
[BlackTeamCountry "GER"]

1. c4 Nf6 2. g3 e6 3. Bg2 d5 4. Nf3 d4 5. 0-0 c5 6. d3 Nc6 7. e3 h6 8. exd4 cxd4 9. a3 a5 10. Re1 Bd6 11. b3 0-0 12. Bb2 e5 13. Nbd2 Bf5 14. c5 Bc7 15. Nc4 Re8 16. b4 axb4 17. axb4 Rxa1 18. Bxa1 Nxb4 19. Ncxe5 Bxe5 20. Nxe5 Qa5 21. Bxd4 Nc2 22. Qxc2 Qxe1+ 23. Bf1 Rxe5 24. Bc3 Rxc5 0-1

[Event "Pan American-ch Hybrid U18 31st"]
[Site "Tornelo INT"]
[Date "2021.09.04"]
[Round "7"]
[White "Allo Collante, Enrique"]
[Black "Pena Cifuentes, Tomas Alberto"]
[Result "1-0"]
[WhiteElo "1837"]
[BlackElo "2018"]
[PlyCount "67"]
[EventDate "2021.09.04"]
[EventType "swiss"]
[EventRounds "9"]
[EventCountry "NET"]
[SourceTitle "EXT 2023"]
[Source "ChessBase"]
[SourceDate "2022.10.05"]
[SourceVersion "1"]
[SourceVersionDate "2022.10.05"]
[SourceQuality "1"]

1. c4 e6 2. g3 d5 3. Nf3 Nf6 4. Bg2 c5 5. b3 Nc6 6. e3 d4 7. exd4 cxd4 8. 0-0 Be7 9. Re1 0-0 10. Bb2 Re8 11. d3 Bf8 12. Ne5 Nxe5 13. Rxe5 Bd6 14. Re1 e5 15. a3 a5 16. Nd2 Ra6 17. Ne4 Nxe4 18. Bxe4 Rb6 19. f4 exf4 20. Bxd4 Ra6 21. Qe2 Bf5 22. Qf3 Bxe4 23. Rxe4 Rxe4 24. Qxe4 fxg3 25. Qxb7 gxh2+ 26. Kh1 Ra8 27. Rf1 f6 28. Bb6 Qf8 29. c5 Be7 30. Re1 Kf7 31. Qd5+ Kg6 32. Qe4+ Kh6 33. Qxe7 Qc8 34. Qe4 1-0

[Event "Pan American-ch Hybrid U18 31st"]
[Site "Tornelo INT"]
[Date "2021.09.04"]
[Round "2"]
[White "Allo Collante, Enrique"]
[Black "Vazquez, Facundo"]
[Result "0-1"]
[WhiteElo "1837"]
[BlackElo "2190"]
[PlyCount "118"]
[EventDate "2021.09.04"]
[EventType "swiss"]
[EventRounds "9"]
[EventCountry "NET"]
[SourceTitle "EXT 2023"]
[Source "ChessBase"]
[SourceDate "2022.10.05"]
[SourceVersion "1"]
[SourceVersionDate "2022.10.05"]
[SourceQuality "1"]

1. c4 Nf6 2. g3 g6 3. Bg2 Bg7 4. Nc3 0-0 5. e4 d6 6. Nge2 c5 7. d3 Nc6 8. 0-0 a6 9. h3 Rb8 10. a4 Ne8 11. Be3 b5 12. axb5 axb5 13. Nxb5 Nc7 14. Nec3 Nxb5 15. Nxb5 Bxb2 16. Rb1 Bg7 17. Qd2 Bd7 18. f4 Qa5 19. Qxa5 Nxa5 20. Bd2 Nc6 21. Kh2 Nd4 22. Nc3 Rb3 23. Rxb3 Nxb3 24. Be1 Nc1 25. Rf3 Rb8 26. Bd2 Nb3 27. Be1 Ra8 28. Nd5 e6 29. Nb6 Ra1 30. Rf1 Be8 31. Nc8 Bf8 32. Bc3 Rxf1 33. Bxf1 Bc6 34. Bf6 d5 35. exd5 exd5 36. Bg2 Bb7 37. Ne7+ Bxe7 38. Bxe7 dxc4 39. dxc4 Bxg2 40. Kxg2 f5 41. Kf2 Kf7 42. Bd6 Nd2 43. Kg2 Ne4 44. Bc7 Ke6 45. g4 Kd7 46. Bb8 Nd2 47. Ba7 Kc6 48. gxf5 gxf5 49. Bb8 Nxc4 50. Kg3 Nd6 51. Kf3 Kd5 52. Ke3 Ne4 53. Be5 Kc4 54. Ba1 Nc3 55. Kd2 Nd5 56. Be5 Kb3 57. h4 c4 58. h5 c3+ 59. Kc1 Nb4 0-1

[Event "Online Olym Div3 D"]
[Site "Chess.com INT"]
[Date "2021.08.28"]
[Round "6.3"]
[White "Allo Collante, Enrique"]
[Black "Mesa Cruz, Juan Carlos"]
[Result "0-1"]
[WhiteElo "1837"]
[BlackElo "2040"]
[PlyCount "88"]
[EventDate "2021.08.27"]
[EventType "team-tourn (rapid)"]
[EventRounds "9"]
[EventCountry "USA"]
[SourceTitle "CBM 204 Extra"]
[Source "ChessBase"]
[SourceDate "2021.11.30"]
[SourceVersion "1"]
[SourceVersionDate "2021.11.30"]
[SourceQuality "1"]
[WhiteTeam "Paraguay"]
[BlackTeam "Dominican Republic"]
[WhiteTeamCountry "PAR"]
[BlackTeamCountry "DOM"]

1. c4 Nf6 2. g3 g6 3. Bg2 Bg7 4. Nc3 0-0 5. e4 d6 6. Nge2 c5 7. 0-0 Nc6 8. d3 Rb8 9. h3 a6 10. a4 Ne8 11. Be3 Nc7 12. d4 cxd4 13. Nxd4 Ne6 14. Nde2 Bd7 15. f4 Na5 16. Qd3 Nc5 17. Bxc5 dxc5 18. f5 Bc6 19. Qxd8 Rfxd8 20. Nd5 Rd7 21. Nec3 Nxc4 22. b3 Ne3 23. Nxe3 Bxc3 24. Ra2 e6 25. f6 Rd3 26. Ng4 Bd4+ 27. Kh2 Rxb3 28. Rd2 h5 29. Nf2 Bxa4 30. Nd3 Be3 31. Rdd1 Rc3 32. Ne5 Bxd1 33. Rxd1 Bd4 34. Nf3 e5 35. Ng5 b5 36. h4 Rb6 37. Rf1 b4 38. Bh3 b3 39. g4 hxg4 40. Bxg4 b2 41. h5 b1Q 42. Rxb1 Rxb1 43. hxg6 Rb2+ 44. Kh1 Rc1+ 0-1

[Event "Online Olym Div3 D"]
[Site "Chess.com INT"]
[Date "2021.08.27"]
[Round "2.5"]
[White "Allo Collante, Enrique"]
[Black "Kalidjo, Imaan"]
[Result "1-0"]
[WhiteElo "1837"]
[BlackElo "1819"]
[PlyCount "131"]
[EventDate "2021.08.27"]
[EventType "team-tourn (rapid)"]
[EventRounds "9"]
[EventCountry "USA"]
[SourceTitle "CBM 204 Extra"]
[Source "ChessBase"]
[SourceDate "2021.11.30"]
[SourceVersion "1"]
[SourceVersionDate "2021.11.30"]
[SourceQuality "1"]
[WhiteTeam "Paraguay"]
[BlackTeam "Surinam"]
[WhiteTeamCountry "PAR"]
[BlackTeamCountry "SUR"]

1. c4 c5 2. g3 g6 3. Bg2 Bg7 4. Nc3 e5 5. Nf3 Ne7 6. 0-0 0-0 7. Ne1 Nbc6 8. Nc2 d6 9. a3 Be6 10. Ne3 f5 11. Ned5 Qd7 12. d3 h6 13. b4 cxb4 14. axb4 Bxd5 15. Nxd5 Nxd5 16. Bxd5+ Kh7 17. Qa4 Qc7 18. e3 Ne7 19. Bg2 Rfd8 20. Qb5 Rd7 21. Bb2 a6 22. Qa5 Rc8 23. Qxc7 Rcxc7 24. Ra5 Nc6 25. Ra4 Ne7 26. Rb1 d5 27. c5 d4 28. exd4 exd4 29. Re1 Nd5 30. Bxd5 Rxd5 31. Raa1 Bf6 32. Re6 Kg7 33. Rae1 Kf7 34. Bc1 g5 35. Rb6 Re5 36. Rxe5 Bxe5 37. Rxh6 a5 38. bxa5 Rxc5 39. Bxg5 Rxa5 40. Rb6 Ra7 41. Kf1 Ra1+ 42. Ke2 Ra2+ 43. Bd2 Ra7 44. Rb3 Bd6 45. Bb4 Bxb4 46. Rxb4 Ra2+ 47. Kf3 Ke6 48. Rxd4 Rb2 49. h4 b5 50. h5 Kf6 51. Rd5 b4 52. Rb5 b3 53. Ke3 Rb1 54. Kd2 Rb2+ 55. Ke3 Rb1 56. f4 b2 57. Kd2 Rg1 58. Rxb2 Rxg3 59. Rb6+ Kg7 60. Rg6+ Rxg6 61. hxg6 Kxg6 62. Ke3 Kf6 63. Kd4 Ke6 64. Kc5 Kf6 65. Kd6 Kg6 66. Ke6 1-0

[Event "Wch FIDE Online U16 America qual"]
[Site "Tornelo INT"]
[Date "2020.12.01"]
[Round "1"]
[White "Cardoso Cardoso, Jose Gabriel"]
[Black "Allo Collante, Enrique"]
[Result "0-1"]
[WhiteElo "2321"]
[BlackElo "1619"]
[PlyCount "28"]
[EventDate "2020.12.01"]
[EventType "swiss (rapid)"]
[EventRounds "7"]
[EventCountry "ISS"]
[SourceTitle "EXT 2022"]
[Source "ChessBase"]
[SourceDate "2021.10.06"]
[SourceVersion "1"]
[SourceVersionDate "2021.10.06"]
[SourceQuality "1"]

1. d4 d5 2. c4 e6 3. Nc3 Nf6 4. cxd5 exd5 5. Bg5 c6 6. e3 Be7 7. Bd3 Nbd7 8. Qc2 0-0 9. Nge2 Re8 10. f3 h6 11. Bh4 Nh5 12. Bf2 Bh4 13. g3 Bg5 14. g4 Nhf6 0-1

[Event "Florianopolis op 6th"]
[Site "Florianopolis"]
[Date "2020.01.23"]
[Round "5"]
[White "Portes Junior, Dirceu Atanazio"]
[Black "Allo Collante, Enrique"]
[Result "0-1"]
[WhiteElo "1969"]
[BlackElo "1641"]
[PlyCount "74"]
[EventDate "2020.01.20"]
[EventType "swiss"]
[EventRounds "10"]
[EventCountry "BRA"]
[SourceTitle "CBM 194 Extra"]
[Source "ChessBase"]
[SourceDate "2020.03.31"]
[SourceVersion "1"]
[SourceVersionDate "2020.03.31"]
[SourceQuality "1"]

1. d4 d5 2. c4 e6 3. Nc3 Nf6 4. Nf3 Nbd7 5. cxd5 exd5 6. Bg5 Be7 7. e3 0-0 8. Qc2 c6 9. Bd3 Re8 10. 0-0 Nf8 11. Bxf6 Bxf6 12. h3 g6 13. b4 Ne6 14. Rab1 a6 15. a4 h6 16. Rfd1 Ng5 17. Nxg5 hxg5 18. Rdc1 Kg7 19. b5 Bd7 20. bxc6 bxc6 21. Ne2 Rh8 22. Ng3 Qc7 23. Qc5 Ra7 24. a5 g4 25. hxg4 Bh4 26. Nf1 Bxg4 27. Qb6 Qe7 28. Rxc6 Rd7 29. Qc5 Qg5 30. f4 Qh5 31. Rb8 Bd8 32. Rxd8 Rdxd8 33. Bxa6 Bf5 34. Z0 Be4 35. Be2 Qh1+ 36. Kf2 Qxg2+ 37. Ke1 Rb8 0-1

[Event "Florianopolis op 6th"]
[Site "Florianopolis"]
[Date "2020.01.21"]
[Round "2"]
[White "Allo Collante, Enrique"]
[Black "Soares, Gustavo Henrique"]
[Result "1/2-1/2"]
[WhiteElo "1641"]
[BlackElo "1914"]
[PlyCount "80"]
[EventDate "2020.01.20"]
[EventType "swiss"]
[EventRounds "10"]
[EventCountry "BRA"]
[SourceTitle "CBM 194 Extra"]
[Source "ChessBase"]
[SourceDate "2020.03.31"]
[SourceVersion "1"]
[SourceVersionDate "2020.03.31"]
[SourceQuality "1"]

1. c4 c5 2. g3 Nc6 3. Bg2 g6 4. Nf3 e5 5. Nc3 Bg7 6. 0-0 Nge7 7. Ne1 0-0 8. a3 a5 9. Nc2 d6 10. Ne3 Be6 11. d3 Rb8 12. Ned5 Na7 13. Bg5 f6 14. Be3 Bxd5 15. Nxd5 Nxd5 16. Bxd5+ Kh8 17. b4 b6 18. Qa4 Nc8 19. bxa5 bxa5 20. Bd2 Nb6 21. Qxa5 Nxd5 22. Qxd8 Rfxd8 23. cxd5 Rb2 24. Bc3 Rxe2 25. Rfc1 e4 26. dxe4 Rxe4 27. a4 f5 28. a5 Bxc3 29. Rxc3 Rb8 30. f3 Re7 31. Kf2 Rb2+ 32. Kg1 Kg7 33. Rcc1 Kf7 34. Rf1 Ke8 35. Rf2 Rxf2 36. Kxf2 Rb7 37. Ke3 Kd7 38. Kf4 h6 39. g4 Rb4+ 40. Kg3 f4+ 1/2-1/2

[Event "PAR-ch sf"]
[Site "Asuncion"]
[Date "2019.09.08"]
[Round "4"]
[White "Allo Collante, Enrique"]
[Black "Torales G, Ivan Alejandro B"]
[Result "1-0"]
[WhiteElo "1651"]
[BlackElo "1068"]
[PlyCount "55"]
[EventDate "2019.09.06"]
[EventType "swiss"]
[EventRounds "9"]
[EventCountry "PAR"]
[SourceTitle "EXT 2020"]
[Source "ChessBase"]
[SourceDate "2019.10.17"]
[SourceVersion "1"]
[SourceVersionDate "2019.10.17"]
[SourceQuality "1"]

1. c4 c5 2. g3 Nc6 3. Bg2 g6 4. Nc3 Nf6 5. Nf3 Bg7 6. 0-0 d6 7. Ne1 0-0 8. Nc2 Bd7 9. a3 Qc7 10. b4 cxb4 11. axb4 a6 12. Rb1 Nd8 13. d3 Ne6 14. b5 Ng5 15. Bxg5 axb5 16. Nxb5 Bxb5 17. Rxb5 h6 18. Rxb7 Qd8 19. Be3 Re8 20. Nd4 Ng4 21. Nc6 Nxe3 22. fxe3 Qc8 23. Nxe7+ Rxe7 24. Rxe7 Rb8 25. Rfxf7 Bf8 26. Rc7 Qe8 27. Bd5 Qxe3+ 28. Kg2 1-0

[Event "Pan American-ch U16"]
[Site "Guayaquil"]
[Date "2019.07.24"]
[Round "5"]
[White "Tomiello, Mateus Costamilan"]
[Black "Allo Collante, Enrique"]
[Result "1-0"]
[WhiteElo "2114"]
[BlackElo "1623"]
[PlyCount "57"]
[EventDate "2019.07.21"]
[EventType "swiss"]
[EventRounds "9"]
[EventCountry "ECU"]
[SourceTitle "EXT 2020"]
[Source "ChessBase"]
[SourceDate "2019.10.17"]
[SourceVersion "1"]
[SourceVersionDate "2019.10.17"]
[SourceQuality "1"]

1. e4 c6 2. d4 d5 3. Nc3 dxe4 4. Nxe4 Bf5 5. Ng3 Bg6 6. Nf3 Nd7 7. h4 h6 8. h5 Bh7 9. Bd3 Bxd3 10. Qxd3 Ngf6 11. Bf4 e6 12. 0-0-0 Qa5 13. Kb1 0-0-0 14. c4 Ng4 15. Qe2 c5 16. d5 e5 17. Bd2 Qb6 18. Ng5 hxg5 19. Qxg4 f6 20. Nf5 Kb8 21. g3 Qa6 22. Bc3 Nb6 23. b3 Nc8 24. f4 gxf4 25. gxf4 e4 26. Nxg7 Bxg7 27. Qxg7 Rhg8 28. Qxf6 Rd6 29. Be5 1-0

[Event "South America-ch U20"]
[Site "Asuncion"]
[Date "2019.05.11"]
[Round "1"]
[White "Allo Collante, Enrique"]
[Black "Estrada Lavin, Cristian Alexan"]
[Result "0-1"]
[WhiteElo "1595"]
[BlackElo "2116"]
[PlyCount "60"]
[EventDate "2019.05.11"]
[EventType "swiss"]
[EventRounds "9"]
[EventCountry "PAR"]
[SourceTitle "CBM 190 Extra"]
[Source "ChessBase"]
[SourceDate "2019.07.15"]
[SourceVersion "1"]
[SourceVersionDate "2019.07.15"]
[SourceQuality "1"]

1. d4 d5 2. Bf4 Nf6 3. e3 c5 4. Nf3 Nc6 5. Nbd2 Qb6 6. dxc5 Qxb2 7. Rb1 Qxa2 8. Nb3 Qa3 9. c3 Ne4 10. Qc2 Nxc5 11. Nxc5 Qxc5 12. Rb5 Qa3 13. Rb3 Qa5 14. Bb5 Bd7 15. Bd3 g6 16. Ne5 Nxe5 17. Bxe5 f6 18. Bg3 Rc8 19. 0-0 b5 20. Rfb1 a6 21. Qb2 Rc5 22. Ra1 Qb6 23. Rba3 Bc8 24. e4 dxe4 25. Bxe4 Bg7 26. Bf4 Rc4 27. Be3 Qd6 28. Bc2 Qc6 29. Bd2 Rg4 30. g3 Bb7 0-1

[Event "PAR-ch U20"]
[Site "Asuncion"]
[Date "2019.02.24"]
[Round "5"]
[White "Carreras Colman, Luz Gabriela"]
[Black "Allo Collante, Enrique"]
[Result "0-1"]
[WhiteElo "1367"]
[BlackElo "1551"]
[PlyCount "88"]
[EventDate "2019.02.21"]
[EventType "swiss"]
[EventRounds "7"]
[EventCountry "PAR"]
[SourceTitle "CBM 189 Extra"]
[Source "ChessBase"]
[SourceDate "2019.06.03"]
[SourceVersion "1"]
[SourceVersionDate "2019.06.03"]
[SourceQuality "1"]

1. e4 c6 2. Nc3 d5 3. exd5 cxd5 4. d4 Nf6 5. Bd3 Nc6 6. Nf3 Bg4 7. Be3 Qb6 8. Rb1 Bxf3 9. Qxf3 e6 10. Bb5 Bb4 11. Bxc6+ Qxc6 12. Bd2 Rc8 13. 0-0 Bxc3 14. Bxc3 0-0 15. Qd3 Ne4 16. Rfc1 Nxc3 17. Qxc3 Qxc3 18. bxc3 b6 19. Rb3 Rc4 20. Re1 Rfc8 21. Re3 Ra4 22. a3 Rcc4 23. g3 Ra6 24. Re1 Kf8 25. Kg2 Ke7 26. f4 Rca4 27. Ra1 Kd6 28. Kf3 R6a5 29. Ke3 b5 30. Kd3 Rc4 31. Rab1 Kc6 32. g4 Rca4 33. Ra1 Kd6 34. Ke3 f6 35. h4 e5 36. g5 Ke6 37. gxf6 gxf6 38. dxe5 fxe5 39. Rb4 Rxa3 40. Rxa3 Rxa3 41. fxe5 Rxc3+ 42. Kd4 Rc4+ 43. Rxc4 bxc4 44. c3 h5 0-1

[Event "PAR-ch U16"]
[Site "Asuncion"]
[Date "2019.02.08"]
[Round "8"]
[White "Allo Collante, Enrique"]
[Black "Martinez Ramirez, Anahi"]
[Result "1-0"]
[WhiteElo "1551"]
[BlackElo "1519"]
[PlyCount "99"]
[EventDate "2019.02.04"]
[EventType "swiss"]
[EventRounds "9"]
[EventCountry "PAR"]
[SourceTitle "CBM 189 Extra"]
[Source "ChessBase"]
[SourceDate "2019.06.03"]
[SourceVersion "1"]
[SourceVersionDate "2019.06.03"]
[SourceQuality "1"]

1. d4 Nf6 2. c4 d5 3. Nc3 e6 4. a3 Be7 5. Nf3 Nbd7 6. Bf4 0-0 7. Nb5 Ne8 8. cxd5 exd5 9. e3 c6 10. Nc3 Bd6 11. Bg3 f5 12. Ne5 Qc7 13. f4 Nef6 14. Rc1 Qa5 15. Bd3 Ne4 16. 0-0 Ndf6 17. Be1 Qd8 18. Bxe4 Nxe4 19. Nxe4 Bxe5 20. fxe5 fxe4 21. Rxf8+ Qxf8 22. Bb4 Qf5 23. Qe2 Qg4 24. Qf2 Qf5 25. Qh4 Bd7 26. Rf1 Qe6 27. Qf2 Qe8 28. Qg3 Qe6 29. Qf4 Qe8 30. h4 Be6 31. g4 Qf7 32. Qxf7+ Bxf7 33. Kg2 Re8 34. Kg3 Re6 35. h5 h6 36. Kh4 a6 37. Bd6 Re8 38. Kg3 Rc8 39. Kf4 Re8 40. Rc1 Kh7 41. a4 Rd8 42. a5 Be8 43. g5 hxg5+ 44. Kxg5 Rd7 45. Rf1 Bf7 46. Rxf7 Rxf7 47. e6 Rf6 48. e7 Rxd6 49. e8Q Rf6 50. Qe7 1-0